Koncept regionální odolnosti v kontextu hospodářské krize

V kontexte hospodárskej krízy sa v poslednom období často vyskytuje pojem regionálna odolnosť. Koncept regionálnej odolnosti sa týka schopnosti regiónu obnoviť svoj pôvodný stav po udalosti, ktorý predstavuje významnú negatívnu odchylku od rovnovážného stavu. Ako príklad negatívnej skokovej zmeny mo...

Ausführliche Beschreibung

Gespeichert in:
Bibliographische Detailangaben
1. Verfasser: Svoboda, Ondřej
Format: Buchkapitel
Sprache:Tschechisch
Schlagworte:
Tags: Tag hinzufügen
Keine Tags, Fügen Sie das erste Tag hinzu!

MARC

LEADER 00000nla a2200000 4500
001 0195057
005 20240417075051.7
041 0 |a cze 
044 |a CZ 
245 1 0 |a Koncept regionální odolnosti v kontextu hospodářské krize  |c Ondřej Svoboda 
520 |a V kontexte hospodárskej krízy sa v poslednom období často vyskytuje pojem regionálna odolnosť. Koncept regionálnej odolnosti sa týka schopnosti regiónu obnoviť svoj pôvodný stav po udalosti, ktorý predstavuje významnú negatívnu odchylku od rovnovážného stavu. Ako príklad negatívnej skokovej zmeny možno považovať rad udalostí počínajúc dopadmi globálnej ekonomickej krízy až po rôzne prírodné, či antropogenné pohromy. 
610 2 0 |a kríza hospodárska 
610 2 0 |a manažment krízový 
610 2 0 |a rozvoj regionálny 
610 2 0 |a zamestnanosť 
100 1 |a Svoboda, Ondřej